| 000 | 00610nam a2200205 u 4500 | ||
|---|---|---|---|
| 005 | 20210223131714.0 | ||
| 008 | 120423s2006 es r 000 0 spa d | ||
| 020 | _a9788497272131 | ||
| 035 | _aUPN01000184158 | ||
| 049 | _aCG | ||
| 050 | 4 |
_aBF895 _bX3.37 2006 |
|
| 100 | 1 |
_aXandró, Mauricio, _d1924- _932166 |
|
| 245 | 1 | 0 |
_aGrafología y psicología / _cMauricio Xandró. |
| 250 | _a6a ed. | ||
| 260 |
_aMadrid : _bInstituto de Orientación Psicológica EOS : _bXandró, _c2006. |
||
| 300 |
_a116 p. : _bil. |
||
| 650 | 4 |
_aGRAFOLOGIA - _xASPECTOS PSICOLOGICOS _914920 |
|
| 905 | _aLibro | ||
| 999 |
_c156261 _d156261 |
||